Strategische Gruppen: Ein Survey.

Prehľad súčasných empirických poznatkov o výrobe spotrebných tovarov, investičných celkov a o službách. Možnosti interpretácie rozdielov v ziskovosti jednotlivých konkurentov na báze konceptu strategických skupín. Strategické kľúčové premenné, ktoré charakterizujú podstatné rozdiely medzi skupinami...

Descripción completa

Guardado en:
Detalles Bibliográficos
Autor principal: Homburg, Ch
Otros Autores: Sütterlin, S.
Formato: Capítulo de libro
Lenguaje:alemán
Materias:
Etiquetas: Agregar Etiqueta
Sin Etiquetas, Sea el primero en etiquetar este registro!

MARC

LEADER 00000naa a2200000 4500
001 r010615
005 20221130113411.6
041 0 |a ger 
044 |a DE 
245 1 0 |a Strategische Gruppen: Ein Survey.  |c Ch. Homburg, S. Sütterlin 
520 |a Prehľad súčasných empirických poznatkov o výrobe spotrebných tovarov, investičných celkov a o službách. Možnosti interpretácie rozdielov v ziskovosti jednotlivých konkurentov na báze konceptu strategických skupín. Strategické kľúčové premenné, ktoré charakterizujú podstatné rozdiely medzi skupinami a ich špecifické konštelácie. Vzťah medzi úspechom v podnikaní a príslušnosťou ku strategickej skupine. Možnosť začlenenia konceptu strategických skupín do teórie úspešného podnikania, jeho teoretické zdôvodnenie a metodika. 
610 2 0 |a teória konkurencie 
610 2 0 |a stratégia podniková 
610 2 0 |a priemysel spotrebný 
610 2 0 |a služby 
610 2 0 |a celky investičné 
610 2 0 |a odvetvia činnosti ekonomickej 
610 2 0 |a podnikanie 
610 2 0 |a modely 
610 2 0 |a plánovanie strategické 
610 2 0 |a teória firmy 
610 2 0 |a prieskum trhu 
100 1 |a Homburg, Ch. 
700 1 |a Sütterlin, S.